[Event "EU-ch Seniors 65 19th"]
[Site "Rhodes"]
[Date "2019.04.12"]
[Round "7"]
[White "Marcovici, Adrian"]
[Black "Wilen, Eero"]
[Result "1-0"]
[WhiteElo "1954"]
[BlackElo "2028"]
[PlyCount "113"]
[EventDate "2019.04.06"]
[EventType "swiss"]
[EventRounds "9"]
[EventCountry "GRE"]
[SourceTitle "CBM 189 Extra"]
[Source "ChessBase"]
[SourceDate "2019.06.03"]
[SourceVersion "1"]
[SourceVersionDate "2019.06.03"]
[SourceQuality "1"]

1. e4 e5 2. Nf3 Nc6 3. Bb5 a6 4. Ba4 Nf6 5. Qe2 b5 6. Bb3 Be7 7. d4 d6 8. c3 Bb7 9. 0-0 0-0 10. Rd1 Nd7 11. Nbd2 Bf6 12. d5 Ne7 13. Nf1 Nb6 14. Be3 c6 15. dxc6 Bxc6 16. Bxb6 Qxb6 17. Rxd6 Qb7 18. Ng3 Nc8 19. Rd2 Nb6 20. Rad1 Rfe8 21. Nf5 Qc7 22. Qe3 Rad8 23. Nd6 Re7 24. Nxb5 Bxb5 25. Rxd8+ Re8 26. Rxe8+ Bxe8 27. Qd3 a5 28. Qd6 Qa7 29. Qc5 a4 30. Bd5 Be7 31. Qe3 Qb8 32. b4 Nxd5 33. Rxd5 f6 34. a3 Bc6 35. Rd1 Qb7 36. Re1 Bb5 37. Qd2 Bc4 38. Qe3 Bd8 39. Qc5 Be6 40. Qd6 Qc8 41. Rd1 Bc7 42. Qc6 Kf7 43. c4 Qb8 44. c5 Bd8 45. Rd6 Bb3 46. Qd7+ Be7 47. Rb6 Qe8 48. Qxe8+ Kxe8 49. Nd2 Kd7 50. Rb7+ Kd8 51. Kf1 g6 52. Ke2 Be6 53. Kd3 f5 54. f3 Bc8 55. Ra7 Bd7 56. Nc4 Bf6 57. Nd6 1-0

[Event "EU-ch Seniors 65 19th"]
[Site "Rhodes"]
[Date "2019.04.08"]
[Round "3"]
[White "Dickel, Hans"]
[Black "Wilen, Eero"]
[Result "0-1"]
[WhiteElo "1293"]
[BlackElo "2028"]
[PlyCount "80"]
[EventDate "2019.04.06"]
[EventType "swiss"]
[EventRounds "9"]
[EventCountry "GRE"]
[SourceTitle "CBM 189 Extra"]
[Source "ChessBase"]
[SourceDate "2019.06.03"]
[SourceVersion "1"]
[SourceVersionDate "2019.06.03"]
[SourceQuality "1"]

1. d4 Nf6 2. Nf3 e6 3. c4 b6 4. e3 Bb7 5. Nc3 Bb4 6. Bd2 0-0 7. Bd3 d6 8. 0-0 Nbd7 9. Re1 Bxc3 10. Bxc3 Ne4 11. Qc2 f5 12. Nd2 Nxc3 13. bxc3 Qg5 14. f3 e5 15. Re2 Qh5 16. Rf1 Rae8 17. Rff2 Re7 18. Nf1 e4 19. Ng3 exd3 20. Qxd3 Qg6 21. Kh1 f4 22. Qxg6 hxg6 23. exf4 Rxe2 24. Rxe2 Ba6 25. h3 Bxc4 26. Re7 Rd8 27. Ne4 Kf8 28. Re6 Bxe6 29. Ng5 Bxa2 30. Ne4 Nf6 31. Nd2 Re8 32. Kg1 Re2 33. Nf1 Nh5 34. g4 Nxf4 35. Ng3 Rg2+ 36. Kf1 Bc4+ 37. Ne2 Bxe2+ 38. Ke1 Bxf3 39. Kf1 Nd5 40. Ke1 Ne3 0-1

[Event "Heart of Finland op 28th"]
[Site "Jyvaskyla"]
[Date "2018.07.20"]
[Round "7"]
[White "Wilen, Eero"]
[Black "Kotilainen, Ari"]
[Result "1-0"]
[WhiteElo "2075"]
[BlackElo "1919"]
[PlyCount "53"]
[EventDate "2018.07.16"]
[EventType "swiss"]
[EventRounds "9"]
[EventCountry "FIN"]
[SourceTitle "EXT 2021"]
[Source "ChessBase"]
[SourceDate "2020.10.23"]
[SourceVersion "1"]
[SourceVersionDate "2020.10.23"]
[SourceQuality "1"]

1. d4 f5 2. e4 fxe4 3. Nc3 Nf6 4. Bg5 d5 5. Bxf6 exf6 6. Qh5+ g6 7. Qxd5 c6 8. Qxd8+ Kxd8 9. Nxe4 Bb4+ 10. Nd2 Re8+ 11. Ne2 Be6 12. a3 Ba5 13. 0-0-0 Nd7 14. Ng3 Bc7 15. Bc4 Bxc4 16. Nxc4 Bf4+ 17. Kb1 f5 18. Rde1 Kc7 19. c3 Nf6 20. Ne2 Bh6 21. Kc2 Re7 22. f3 Rae8 23. Ne5 Nd5 24. g3 Ne3+ 25. Kd3 Rxe5 26. dxe5 Rxe5 27. Nf4 1-0

[Event "FIN-chT2 Gp1 1718"]
[Site "Finland"]
[Date "2018.03.10"]
[Round "7.2"]
[White "Wilen, Eero"]
[Black "Pulkkanen, Anssi Tapio"]
[Result "1-0"]
[WhiteElo "2060"]
[BlackElo "2069"]
[PlyCount "49"]
[EventDate "2017.09.16"]
[EventType "team-tourn"]
[EventRounds "7"]
[EventCountry "FIN"]
[SourceTitle "EXT 2020"]
[Source "ChessBase"]
[SourceDate "2019.10.17"]
[SourceVersion "1"]
[SourceVersionDate "2019.10.17"]
[SourceQuality "1"]
[WhiteTeam "Helsinki HSK"]
[BlackTeam "Helsinki X"]
[WhiteTeamCountry "FIN"]
[BlackTeamCountry "FIN"]

1. c4 d6 2. g3 e5 3. Nc3 f5 4. Bg2 Nf6 5. d4 Nbd7 6. Bg5 c6 7. e3 h6 8. Bxf6 Qxf6 9. Nge2 g5 10. Qd2 Qf7 11. b3 Nf6 12. 0-0-0 e4 13. f3 d5 14. cxd5 cxd5 15. fxe4 fxe4 16. Rhf1 Be6 17. Kb2 Bb4 18. Nxe4 Bxd2 19. Nd6+ Ke7 20. Nxf7 Bxf7 21. Rxd2 Ng4 22. Nc3 Rad8 23. h3 Nf6 24. Rdf2 Rd6 25. e4 1-0

[Event "Heart of Finland op 27th"]
[Site "Jyvaskyla"]
[Date "2017.07.21"]
[Round "7"]
[White "Marjusaari, Eero"]
[Black "Wilen, Eero"]
[Result "0-1"]
[WhiteElo "2122"]
[BlackElo "2024"]
[PlyCount "64"]
[EventDate "2017.07.17"]
[EventType "swiss"]
[EventRounds "9"]
[EventCountry "FIN"]
[SourceTitle "CBM 179 Extra"]
[Source "ChessBase"]
[SourceDate "2017.08.23"]
[SourceVersion "1"]
[SourceVersionDate "2017.08.23"]
[SourceQuality "1"]

1. e4 e5 2. Nf3 Nc6 3. Bc4 Nf6 4. d4 exd4 5. e5 d5 6. Bb5 Ne4 7. Nxd4 Bd7 8. Bxc6 bxc6 9. 0-0 Bc5 10. f3 Ng5 11. f4 Ne4 12. Be3 Bb6 13. Nc3 Nxc3 14. bxc3 0-0 15. Qd2 f6 16. Rae1 fxe5 17. fxe5 Rxf1+ 18. Kxf1 Qe7 19. Bg5 Qf7+ 20. Kg1 Re8 21. Rf1 Qg6 22. Qf4 Bc5 23. Qg3 Bf5 24. Kh1 Be4 25. e6 Bxd4 26. cxd4 Qxe6 27. Qxc7 h6 28. Bf4 Rf8 29. Rg1 Qg4 30. Bg3 Qe2 31. h3 Rf1 32. Qb8+ Kh7 0-1

[Event "Heart of Finland op 27th"]
[Site "Jyvaskyla"]
[Date "2017.07.19"]
[Round "4"]
[White "Wilen, Eero"]
[Black "Kunin, Vitaly L"]
[Result "0-1"]
[WhiteElo "2024"]
[BlackElo "2571"]
[PlyCount "60"]
[EventDate "2017.07.17"]
[EventType "swiss"]
[EventRounds "9"]
[EventCountry "FIN"]
[SourceTitle "CBM 179 Extra"]
[Source "ChessBase"]
[SourceDate "2017.08.23"]
[SourceVersion "1"]
[SourceVersionDate "2017.08.23"]
[SourceQuality "1"]

1. c4 e5 2. g3 Nc6 3. Bg2 f5 4. Nc3 Nf6 5. d3 Bb4 6. Bd2 0-0 7. e3 d6 8. Nd5 Bxd2+ 9. Qxd2 Ne7 10. Nxe7+ Qxe7 11. Ne2 Rb8 12. Nc3 Be6 13. b3 Rfd8 14. 0-0 d5 15. cxd5 Nxd5 16. Nxd5 Bxd5 17. Qc3 Bxg2 18. Kxg2 Rd6 19. Rad1 Rbd8 20. Rd2 Kh8 21. Rfd1 f4 22. exf4 exf4 23. d4 Rd5 24. b4 c6 25. a3 Rf8 26. Rd3 fxg3 27. hxg3 Qe4+ 28. Rf3 Rdf5 29. Rdd3 g5 30. Rde3 Rxf3 0-1

[Event "Gibraltar Challenger op-B"]
[Site "Caleta"]
[Date "2017.02.01"]
[Round "5"]
[White "Wilen, Eero"]
[Black "Pinho, Paulo Miguel"]
[Result "0-1"]
[WhiteElo "2035"]
[BlackElo "2220"]
[PlyCount "58"]
[EventDate "2017.01.28"]
[EventType "swiss"]
[EventRounds "5"]
[EventCountry "GGB"]
[SourceTitle "EXT 2018"]
[Source "ChessBase"]
[SourceDate "2017.10.13"]
[SourceVersion "1"]
[SourceVersionDate "2017.10.13"]
[SourceQuality "1"]

1. c4 b6 2. Nc3 Bb7 3. Nf3 c5 4. d4 cxd4 5. Nxd4 d6 6. f3 Nf6 7. e4 e6 8. Be2 Be7 9. 0-0 a6 10. Be3 0-0 11. Qd2 Nbd7 12. Rfd1 Rc8 13. b3 Qc7 14. Rac1 Qb8 15. Bf1 Rfe8 16. Nde2 Bf8 17. Bf4 Ne5 18. Kh1 Ba8 19. Nd4 Rcd8 20. Qf2 h6 21. Be3 d5 22. cxd5 exd5 23. Nf5 dxe4 24. Bxb6 Rxd1 25. Nxd1 exf3 26. Bc7 Qc8 27. Nde3 Neg4 28. Nxg4 Nxg4 29. Qc2 Be4 0-1

[Event "Gibraltar Challenger op-A"]
[Site "Caleta"]
[Date "2017.01.23"]
[Round "1"]
[White "Galmandakh, Badrakh"]
[Black "Wilen, Eero"]
[Result "1-0"]
[WhiteElo "2215"]
[BlackElo "2035"]
[PlyCount "53"]
[EventDate "2017.01.23"]
[EventType "swiss"]
[EventRounds "5"]
[EventCountry "GGB"]
[SourceTitle "CBM 176 Extra"]
[Source "ChessBase"]
[SourceDate "2017.03.02"]
[SourceVersion "1"]
[SourceVersionDate "2017.03.02"]
[SourceQuality "1"]

1. Nf3 c5 2. d3 d5 3. e4 dxe4 4. dxe4 Qxd1+ 5. Kxd1 Bg4 6. Be3 Nd7 7. Nbd2 0-0-0 8. c3 e6 9. Kc2 h6 10. a4 Ngf6 11. Ne1 Bh5 12. f3 Be7 13. Nc4 g5 14. h3 Bg6 15. Nd3 Bh7 16. Nde5 Nxe5 17. Nxe5 Nd5 18. Bd2 Rhf8 19. h4 Bd6 20. Nc4 Bf4 21. hxg5 Bxd2 22. Kxd2 h5 23. exd5 Rxd5+ 24. Ke3 Rxg5 25. Kf2 Rd8 26. Be2 Bc2 27. Ne3 1-0

[Event "Helsinki ESK 70 Anniv M"]
[Site "Helsinki"]
[Date "2016.12.03"]
[Round "3"]
[White "Wilen, Eero"]
[Black "Gronroos, Matti"]
[Result "0-1"]
[WhiteElo "2072"]
[BlackElo "1981"]
[PlyCount "108"]
[EventDate "2016.12.02"]
[EventType "tourn"]
[EventRounds "7"]
[EventCountry "FIN"]
[SourceTitle "EXT 2022"]
[Source "ChessBase"]
[SourceDate "2021.10.06"]
[SourceVersion "1"]
[SourceVersionDate "2021.10.06"]
[SourceQuality "1"]

1. d4 d5 2. c4 e5 3. dxe5 d4 4. Nf3 Nc6 5. g3 Nge7 6. Bg2 Ng6 7. 0-0 Be7 8. Nbd2 0-0 9. Nb3 Ngxe5 10. Nfxd4 Nxd4 11. Qxd4 Qxd4 12. Nxd4 Nxc4 13. Nb5 c6 14. Nd4 Bf6 15. e3 Rd8 16. b3 Nb6 17. Ba3 Bxd4 18. exd4 Rxd4 19. Rfd1 Rxd1+ 20. Rxd1 Be6 21. Rd6 Re8 22. f4 f6 23. Kf2 Kf7 24. Bc5 Nc8 25. Rd2 a6 26. b4 Ne7 27. a4 f5 28. Bf3 Ng8 29. Rd6 Nf6 30. b5 axb5 31. axb5 cxb5 32. Rb6 Bc4 33. Rxb7+ Kg6 34. h3 Rd8 35. Be3 h5 36. Rb6 Bd3 37. g4 hxg4 38. hxg4 fxg4 39. Bxg4 Ra8 40. Bf3 Ra2+ 41. Kg3 Ra3 42. Kf2 Rb3 43. Bd4 Kf5 44. Rb7 Be4 45. Bxe4+ Kxe4 46. Be5 Ng4+ 47. Ke2 g5 48. Bb8 Rb2+ 49. Ke1 gxf4 50. Rf7 f3 51. Re7+ Kd3 52. Rd7+ Kc4 53. Re7 f2+ 54. Kf1 Rb1+ 0-1

[Event "WchT Seniors 50"]
[Site "Radebeul"]
[Date "2016.07.01"]
[Round "6.26"]
[White "Wilen, Eero"]
[Black "Daemering, Katrin"]
[Result "1-0"]
[WhiteElo "2061"]
[BlackElo "2040"]
[PlyCount "73"]
[EventDate "2016.06.26"]
[EventType "team-swiss"]
[EventRounds "9"]
[EventCountry "GER"]
[SourceTitle "CBM 173 Extra"]
[Source "ChessBase"]
[SourceDate "2016.08.29"]
[SourceVersion "1"]
[SourceVersionDate "2016.08.29"]
[SourceQuality "1"]
[WhiteTeam "Finland"]
[BlackTeam "Markkleeberg"]
[WhiteTeamCountry "FIN"]
[BlackTeamCountry "GER"]

1. d4 Nf6 2. c4 c5 3. Nf3 cxd4 4. Nxd4 g6 5. g3 Bg7 6. Bg2 0-0 7. Nc3 Nc6 8. 0-0 e6 9. Ndb5 a6 10. Nd6 Qa5 11. Qa4 Qh5 12. h3 Rb8 13. Bf4 g5 14. g4 Qg6 15. Bg3 Ra8 16. Rac1 h5 17. c5 hxg4 18. hxg4 Qh6 19. Rfd1 Ne7 20. Nxb7 Bxb7 21. Bxb7 Rad8 22. Kg2 Ng6 23. Rh1 Nh4+ 24. Kg1 e5 25. Nd5 Nxd5 26. Bxd5 Rb8 27. Rc2 Rfd8 28. Qc4 Qf6 29. Qe4 a5 30. a3 Rdc8 31. Rh3 Qe7 32. Bxh4 gxh4 33. Rf3 Rf8 34. Rf5 Rbc8 35. Rh5 Rfd8 36. Qh7+ Kf8 37. Rf5 1-0

[Event "FIN-chT1A 1516"]
[Site "Finland"]
[Date "2015.11.08"]
[Round "5.4"]
[White "Pitkaaho, Arto"]
[Black "Wilen, Eero"]
[Result "1/2-1/2"]
[WhiteElo "2121"]
[BlackElo "2083"]
[PlyCount "65"]
[EventDate "2015.09.12"]
[EventType "team-tourn"]
[EventRounds "8"]
[EventCountry "FIN"]
[SourceTitle "EXT 2017"]
[Source "ChessBase"]
[SourceDate "2016.10.25"]
[SourceVersion "1"]
[SourceVersionDate "2016.10.25"]
[SourceQuality "1"]
[WhiteTeam "Raahe Li"]
[BlackTeam "Helsinki I-HSK"]
[WhiteTeamCountry "FIN"]
[BlackTeamCountry "FIN"]

1. c4 Nf6 2. Nc3 c5 3. g3 d5 4. cxd5 Nxd5 5. Bg2 Nc7 6. Qa4+ Qd7 7. Nf3 Nc6 8. 0-0 e5 9. d3 Be7 10. Be3 0-0 11. Nd2 Nd4 12. Qxd7 Bxd7 13. Nc4 Bc6 14. Nxe5 Bxg2 15. Kxg2 Nc2 16. Rab1 Nxe3+ 17. fxe3 Rad8 18. e4 Bf6 19. Ng4 Bd4 20. Rf3 Rd6 21. Ne3 Rb6 22. Nc4 Rb4 23. Rff1 g6 24. a3 Rb3 25. Nd5 Nxd5 26. exd5 Re8 27. e4 Rxd3 28. Rfe1 b5 29. Na5 Rd2+ 30. Kh1 Rxb2 31. Rxb2 Bxb2 32. Nc6 Be5 33. Nxa7 1/2-1/2